[Event "Brasov op"]
[Site "Brasov"]
[Date "2024.07.20"]
[Round "8"]
[White "Vrencian, Lehel"]
[Black "Martinenco, Sergiu"]
[Result "1-0"]
[WhiteElo "2187"]
[BlackElo "1923"]
[PlyCount "95"]
[EventDate "2024.07.15"]
[EventType "swiss"]
[EventRounds "9"]
[EventCountry "ROU"]
[SourceTitle "CBM 221 Extra"]
[Source "ChessBase"]
[SourceDate "2024.09.30"]
[SourceVersion "1"]
[SourceVersionDate "2024.09.30"]
[SourceQuality "1"]

1. e4 e5 2. Nf3 Nc6 3. Bb5 Nf6 4. d3 d6 5. c4 Be7 6. Nc3 0-0 7. h3 h6 8. Be3 a6 9. Ba4 Nh7 10. Bxc6 bxc6 11. d4 exd4 12. Nxd4 Bf6 13. Qd3 c5 14. Nde2 Re8 15. 0-0 Bb7 16. Rae1 Ng5 17. f3 Qe7 18. Nf4 Qe5 19. Kh1 Ne6 20. Nfe2 Nf8 21. Bf2 Rad8 22. b3 Qe7 23. Nf4 Bxc3 24. Qxc3 Qe5 25. Qc1 Qg5 26. Be3 Qh4 27. a3 Ne6 28. Nd5 Bc8 29. Kh2 Bb7 30. b4 cxb4 31. axb4 Rc8 32. Bf2 Qd8 33. Qa1 Qg5 34. Bg3 Qd2 35. Rd1 Qg5 36. Rfe1 h5 37. h4 Qh6 38. Ne3 Qh8 39. Qa5 f6 40. c5 dxc5 41. bxc5 Re7 42. c6 Bxc6 43. Qxa6 Rce8 44. Qxc6 g5 45. Nf5 gxh4 46. Bxh4 Kf7 47. Nxe7 Rxe7 48. Rd7 1-0

[Event "MDA-ch"]
[Site "Kishinev"]
[Date "2022.02.26"]
[Round "8"]
[White "Rascu, Dmitrii"]
[Black "Martinenco, Sergiu"]
[Result "1-0"]
[WhiteElo "1794"]
[BlackElo "1854"]
[PlyCount "83"]
[EventDate "2022.02.19"]
[EventType "swiss"]
[EventRounds "9"]
[EventCountry "MDA"]
[SourceTitle "EXT 2023"]
[Source "ChessBase"]
[SourceDate "2022.10.05"]
[SourceVersion "1"]
[SourceVersionDate "2022.10.05"]
[SourceQuality "1"]

1. d4 Nf6 2. c4 e6 3. Nc3 Bb4 4. Qc2 0-0 5. e4 d5 6. e5 Ne4 7. Bd3 c5 8. Nge2 cxd4 9. Nxd4 Nd7 10. Bf4 Qh4 11. g3 Qh3 12. 0-0-0 Nxc3 13. bxc3 Ba3+ 14. Kb1 Nb6 15. Bf1 Qh5 16. Be2 Qh3 17. Nf3 dxc4 18. Nh4 Be7 19. Bf1 Qg4 20. h3 Qxd1+ 21. Qxd1 g5 22. Qg4 h6 23. Bd2 Rd8 24. Kc2 Bd7 25. Bxc4 Nxc4 26. Qxc4 Bc6 27. Rg1 Rac8 28. Qe2 Bd5 29. Be3 Bc4 30. Qh5 Bd3+ 31. Kb2 Rd5 32. a4 b5 33. Qxh6 bxa4 34. Bxg5 Rb8+ 35. Ka1 Bf8 36. Qh5 Ba3 37. Qg4 Kh7 38. Bf6 Bb2+ 39. Ka2 Bg6 40. Nxg6 fxg6 41. Qh4+ Kg8 42. Qh8+ 1-0

[Event "MDA-ch"]
[Site "Kishinev"]
[Date "2022.02.25"]
[Round "7"]
[White "Martinenco, Sergiu"]
[Black "Panfilii, Laurentiu"]
[Result "1-0"]
[WhiteElo "1854"]
[BlackElo "1896"]
[PlyCount "55"]
[EventDate "2022.02.19"]
[EventType "swiss"]
[EventRounds "9"]
[EventCountry "MDA"]
[SourceTitle "CBM 207 Extra"]
[Source "ChessBase"]
[SourceDate "2022.05.31"]
[SourceVersion "1"]
[SourceVersionDate "2022.05.31"]
[SourceQuality "1"]

1. d4 d5 2. Nf3 Nf6 3. c4 dxc4 4. e3 e6 5. Bxc4 c5 6. 0-0 a6 7. Be2 Nbd7 8. b3 b6 9. Bb2 Bb7 10. Nbd2 Be7 11. dxc5 Bxc5 12. Ne5 Nxe5 13. Bxe5 Nd7 14. Bb2 Qg5 15. Bf3 Bxf3 16. Qxf3 0-0 17. Ne4 Qg6 18. Rac1 Rfd8 19. Rfd1 Bf8 20. h3 Nc5 21. Nxc5 Bxc5 22. Qb7 a5 23. Bd4 Ba3 24. Rc6 Qe4 25. Rd2 Ra7 26. Bc5 Rf8 27. Rc8 Bxc5 28. Rxf8+ 1-0

[Event "Kishinev op"]
[Site "Kishinev"]
[Date "2014.01.24"]
[Round "7"]
[White "Martinenco, Sergiu"]
[Black "Morozov, Nichita"]
[Result "1-0"]
[WhiteElo "1843"]
[BlackElo "2174"]
[PlyCount "65"]
[EventDate "2014.01.18"]
[EventType "swiss"]
[EventRounds "9"]
[EventCountry "MDA"]
[SourceTitle "EXT 2016"]
[Source "ChessBase"]
[SourceDate "2015.10.08"]
[SourceVersion "1"]
[SourceVersionDate "2015.10.08"]
[SourceQuality "1"]

1. e4 d6 2. d4 Nf6 3. Nc3 g6 4. Nf3 Bg7 5. Be2 0-0 6. 0-0 a6 7. Re1 b5 8. e5 Ng4 9. Ng5 dxe5 10. Bxg4 exd4 11. Nb1 Bb7 12. a4 h6 13. Bf3 Nc6 14. Ne4 Na5 15. Bd2 Nc4 16. Qc1 Nxd2 17. Nbxd2 Bd5 18. axb5 axb5 19. Rxa8 Qxa8 20. Nc5 e5 21. c4 Bxf3 22. Nxf3 Re8 23. Nd2 b4 24. Qa1 Qb8 25. Qa4 f5 26. Qd7 Rd8 27. Qe6+ Kh7 28. Nd7 Qc8 29. Nf6+ Kh8 30. Rxe5 Qa8 31. Re1 Qa2 32. Qf7 Rf8 33. Re8 1-0

[Event "Kishinev Ghimpu Memorial op"]
[Site "Kishinev"]
[Date "2012.11.10"]
[Round "4"]
[White "Martinenco, Sergiu"]
[Black "Prociuc, Evgenii"]
[Result "0-1"]
[WhiteElo "1889"]
[BlackElo "2143"]
[PlyCount "54"]
[EventDate "2012.11.09"]
[EventType "swiss"]
[EventRounds "9"]
[EventCountry "MDA"]
[SourceTitle "EXT 2014"]
[Source "ChessBase"]
[SourceDate "2013.11.20"]
[SourceVersion "1"]
[SourceVersionDate "2013.11.20"]
[SourceQuality "1"]

1. d4 Nf6 2. Nf3 e6 3. c4 b6 4. g3 Ba6 5. Qa4 c5 6. Bg2 Bb7 7. dxc5 Bxc5 8. Nc3 0-0 9. 0-0 a6 10. Bf4 Ne4 11. Qc2 Nf6 12. Rad1 Be7 13. Rd2 Qc8 14. Na4 Bd8 15. Be3 Ne4 16. Bxb6 Nxd2 17. Qxd2 Bc6 18. Bxd8 Qxd8 19. Qc2 Qa5 20. Nc3 h6 21. Rd1 Ra7 22. h4 Qb6 23. g4 Bxf3 24. Bxf3 Nc6 25. Ne4 Nd4 26. Qc3 Nxf3+ 27. exf3 Rc7 0-1

[Event "Kishinev ULIM Cup"]
[Site "Kishinev"]
[Date "2005.10.12"]
[Round "5"]
[White "Martinenco, Sergiu"]
[Black "Butuc, Maria"]
[Result "1/2-1/2"]
[WhiteElo "1992"]
[BlackElo "2092"]
[PlyCount "58"]
[EventDate "2005.10.08"]
[EventType "swiss"]
[EventRounds "9"]
[EventCountry "MDA"]
[SourceTitle "CBM 108 Extra"]
[Source "ChessBase"]
[SourceDate "2005.11.04"]
[SourceVersion "1"]
[SourceVersionDate "2005.11.04"]
[SourceQuality "1"]

1. d4 d5 2. Nf3 Nf6 3. c4 c6 4. cxd5 cxd5 5. Nc3 Nc6 6. Bf4 a6 7. Ne5 Bf5 8. e3 e6 9. Bd3 Bxd3 10. Nxc6 bxc6 11. Qxd3 c5 12. dxc5 Bxc5 13. 0-0 0-0 14. Rfc1 Bd6 15. Bxd6 Qxd6 16. Ne2 Rfc8 17. Rc2 Ng4 18. Ng3 Ne5 19. Qd1 Qd7 20. Rac1 f5 21. Ne2 Nc6 22. Rc5 Ne7 23. R1c3 Rxc5 24. Rxc5 Rc8 25. Rxc8+ Qxc8 26. Qc1 Qxc1+ 27. Nxc1 Kf7 28. Nd3 Nc6 29. Kf1 Ke7 1/2-1/2

[Event "Kishinev ULIM Cup"]
[Site "Kishinev"]
[Date "2005.10.08"]
[Round "1"]
[White "Martinenco, Sergiu"]
[Black "Hamitevici, Vladimir"]
[Result "0-1"]
[WhiteElo "1992"]
[BlackElo "2284"]
[PlyCount "152"]
[EventDate "2005.10.08"]
[EventType "swiss"]
[EventRounds "9"]
[EventCountry "MDA"]
[SourceTitle "CBM 108 Extra"]
[Source "ChessBase"]
[SourceDate "2005.11.04"]
[SourceVersion "1"]
[SourceVersionDate "2005.11.04"]
[SourceQuality "1"]

1. d4 Nf6 2. Nf3 e6 3. c4 b6 4. g3 Bb7 5. Bg2 Be7 6. Nc3 Ne4 7. Qc2 Nxc3 8. Qxc3 f5 9. 0-0 0-0 10. h4 Bf6 11. Bg5 d6 12. Bxf6 Qxf6 13. Rad1 Nd7 14. Ne5 dxe5 15. dxe5 Nxe5 16. Bxb7 Rad8 17. Bg2 Ng4 18. Qxf6 Nxf6 19. e3 Kf7 20. b3 e5 21. Bf3 e4 22. Rxd8 Rxd8 23. Rd1 Rxd1+ 24. Bxd1 Ke6 25. Kf1 h6 26. Ke1 g5 27. hxg5 hxg5 28. Kd2 g4 29. b4 Nd7 30. Kc3 Ne5 31. Be2 c6 32. Kd4 Nf7 33. Kc3 Kd6 34. Kd2 Nd8 35. Kc3 Ne6 36. Bf1 Ng5 37. Kd2 Ke5 38. Be2 a6 39. Ke1 Ne6 40. Kd2 Kd6 41. Kc3 c5 42. a3 Ng5 43. Kd2 cxb4 44. axb4 a5 45. c5+ Kc6 46. cxb6 axb4 47. Ba6 Nh3 48. Bc8 Nxf2 49. Bxf5 Kxb6 50. Kc2 Kb5 51. Kb3 Kc5 52. Bg6 Nh1 53. Bxe4 Nxg3 54. Bg2 Nf5 55. e4 Ne3 56. Bh1 g3 57. e5 Nf5 58. Bg2 Nd4+ 59. Kb2 Kb6 60. Bd5 Kc7 61. Kc1 Kd7 62. Kd2 b3 63. Kc3 Ke7 64. Kb2 Kf8 65. Kc3 Kg7 66. Kb2 Kg6 67. Be4+ Kg5 68. Kc3 Kf4 69. Kxd4 b2 70. e6 g2 71. Bxg2 b1Q 72. Bd5 Qd1+ 73. Kc5 Ke5 74. Bc4 Qc1 75. Kb4 Kd4 76. Bb3 Qb1 0-1